000 01169naa a22003257a 4500
001 BR6009463
003 BR-BrBNA
005 20240918173026.0
007 ta
008 230509b bl.||||| |||| 00| 0 por d
040 _aBR-BrBNA
_bpor
_cBiblioteca Nacional de Agricultura
041 _a(Pt)
072 _aL73; D50
_b4190
_b4030
_b5240
_bG514
090 _aL73 BR6009463
100 1 _aVieira, G.V.N.
111 1 _a2. Congresso Rio Grandense de Agronomia
_cPorto Alegre, RS (Brazil)
_d15 May 1940
245 1 _aSubsidio para a solucao do problema de erradicacao da sarna ovina no Rio Grande do Sul [Brasil]
260 3 _aPorto Alegre, RS (Brasil):
_c1940.
500 _aAnais do 2. Congresso Rio Grandense de Agronomia Porto Alegre, RS (Brasil): 1940. p. 505-513 (BR6009463-AM)L73
650 _aDoenca animal
650 _aLegislacao
650 _aSarna animal
650 _aOvino
650 _aErradicacao
650 _aParasito
650 _aRio Grande do Sul
773 0 _tAnais do 2. Congresso Rio Grandense de Agronomia
_wL73 BR6009463
_gPorto Alegre, RS (Brasil), 1940. p. 505-513
909 _a202404
_bLucia
_c55
_dLucia Elande
942 _cAM
_2AGRIS
999 _c302546
_d302546